000 00986nam0a2200277 4500
001 RU\NLR\BIBL_A\012515727
005 20250128194045.0
010 _a978-5-6044885-6-0
_9500
021 _aRU
_bКН-П-20-079088
_9КН-П-20-5993
035 _a(NLR Aleph) 012515727
090 _a13303847
_c13303847
100 _a20210512d2020 m y0rusy50 ca
101 0 _atat
102 _aRU
105 _ay z 000 y
200 1 _aСыналган мәхәббәт
_eповесть
_fГалия Сафиуллина
210 _aКазан
_cАк Бүре
_d2020
215 _a206,[1] б.
_d21
541 1 _6z01790
_aЛюбовь, испытанная временем
_e[повесть].
_zrus
686 1 _aШ6(2=Тат)7-4
700 1 _aСафиуллина
_bГ. С. кызы
_gГалия Сәлим кызы
_4070
790 1 _6z01541
_aСафиуллина
_bГ. С.
_gГалия Салимовна
_4070
852 _aNLR
_bОНЛ
_jТатар./3-15472
942 _cBOOK
980 _aNB